[Event "FRA-ch Seniors"]
[Site "Saint Quentin"]
[Date "2015.??.??"]
[Round "9"]
[White "Peyrin, Jean"]
[Black "Letzelter, Jean Claude"]
[Result "0-1"]
[WhiteElo "1790"]
[BlackElo "2103"]
[PlyCount "74"]
[EventDate "2015.08.09"]
[EventType "swiss"]
[EventRounds "11"]
[EventCountry "FRA"]
[SourceTitle "EXT 2016"]
[Source "ChessBase"]
[SourceDate "2015.10.08"]
[SourceVersion "1"]
[SourceVersionDate "2015.10.08"]
[SourceQuality "1"]

1. d4 e6 2. c4 b6 3. e4 Bb7 4. Bd3 f5 5. Qe2 Bb4+ 6. Bd2 fxe4 7. Bxe4 Bxe4 8. Qxe4 Bxd2+ 9. Nxd2 Nc6 10. Ngf3 Nf6 11. Qe2 0-0 12. 0-0 Nh5 13. Ne4 Nf4 14. Qe3 d5 15. Neg5 Nxd4 16. Nxd4 Qxg5 17. g3 Nh3+ 18. Kg2 Rxf2+ 19. Qxf2 Nxf2 20. Rxf2 dxc4 21. Nf3 Qa5 22. Re1 Re8 23. Re5 Qxa2 24. Rfe2 Qb1 25. Ng5 Rf8 26. Nf3 Rf6 27. h4 Qd3 28. R2e3 Qc2+ 29. Re2 Qb3 30. R5e3 Qd1 31. Rxe6 Rxe6 32. Rxe6 Qc2+ 33. Kg1 Qxb2 34. Re8+ Kf7 35. Re3 h5 36. Ne5+ Kf6 37. Nf3 c3 0-1

[Event "FRA-ch Seniors"]
[Site "Nancy"]
[Date "2013.08.13"]
[Round "2"]
[White "Peyrin, Jean"]
[Black "Siberchicot, Robert"]
[Result "1-0"]
[WhiteElo "1899"]
[BlackElo "1780"]
[PlyCount "131"]
[EventDate "2013.08.11"]
[EventType "swiss"]
[EventRounds "11"]
[EventCountry "FRA"]
[SourceTitle "CBM 156 Extra"]
[Source "ChessBase"]
[SourceDate "2013.10.22"]
[SourceVersion "1"]
[SourceVersionDate "2013.10.22"]
[SourceQuality "1"]

1. d4 e6 2. c4 d5 3. Nc3 Nf6 4. Bg5 Nbd7 5. e3 Bb4 6. Nf3 0-0 7. cxd5 exd5 8. Bd3 h6 9. Bh4 Re8 10. 0-0 Bxc3 11. bxc3 b6 12. Rc1 Bb7 13. c4 dxc4 14. Bxc4 Rc8 15. Qb3 Re7 16. Rfe1 g5 17. Bg3 Qf8 18. Nd2 c5 19. Bd6 Qe8 20. Bxe7 Qxe7 21. Qd3 Kg7 22. e4 cxd4 23. Qxd4 Ne5 24. Be2 Rd8 25. Qc3 Rc8 26. Qg3 Rxc1 27. Rxc1 Nxe4 28. Nxe4 Bxe4 29. Qc3 Kg6 30. Qe3 Bb7 31. Bd3+ Kg7 32. Qh3 Qa3 33. Rd1 Qxa2 34. Qf5 Nxd3 35. Qxd3 Qe6 36. Qd4+ Kg6 37. Qd6 Qxd6 38. Rxd6+ f6 39. Rd7 Ba6 40. Rxa7 Bc4 41. f3 h5 42. Kf2 b5 43. Rb7 Kf5 44. Ke3 h4 45. g3 hxg3 46. hxg3 Ke5 47. Rb6 f5 48. f4+ gxf4+ 49. gxf4+ Kd5 50. Rf6 Bf1 51. Rxf5+ Ke6 52. Rf8 Bc4 53. Kd4 Ke7 54. Rb8 Kf6 55. Ke4 Bf1 56. Rb6+ Kf7 57. Ke5 Bd3 58. f5 Bc4 59. Rb7+ Kf8 60. Kf6 Kg8 61. Rb8+ Kh7 62. Ke7 Kg7 63. f6+ Kg6 64. Rb6 Bf7 65. Rxb5 Bc4 66. Rb1 1-0

[Event "FRA-ch Accession"]
[Site "Besancon"]
[Date "2006.08.18"]
[Round "4"]
[White "Peyrin, Jean"]
[Black "Deveau, Henri"]
[Result "1-0"]
[WhiteElo "2004"]
[BlackElo "1848"]
[PlyCount "89"]
[EventDate "2006.08.15"]
[EventType "swiss"]
[EventRounds "10"]
[EventCountry "FRA"]
[SourceTitle "CBM 113 Extra"]
[Source "ChessBase"]
[SourceDate "2006.09.14"]
[SourceVersion "1"]
[SourceVersionDate "2006.09.14"]
[SourceQuality "1"]

1. d4 d5 2. Nf3 Nf6 3. c4 e6 4. Nc3 c6 5. cxd5 cxd5 6. Bf4 Bd6 7. Bg3 Bxg3 8. hxg3 Bd7 9. e3 Nc6 10. Bd3 h6 11. Rc1 a6 12. a3 Qe7 13. Na4 e5 14. Nxe5 Nxe5 15. dxe5 Qxe5 16. Nb6 Rd8 17. Nxd7 Nxd7 18. Qb3 b5 19. 0-0 0-0 20. Rfd1 Rc8 21. Qb4 Nf6 22. Be2 Qe6 23. Bf3 Rxc1 24. Rxc1 Rc8 25. Rc5 Rxc5 26. Qxc5 Qe5 27. Qd4 Qxd4 28. exd4 a5 29. b4 axb4 30. axb4 Kf8 31. Be2 Ne4 32. Bxb5 Ke7 33. Bd3 Nc3 34. Kf1 Kd6 35. Ke1 Kc6 36. Kd2 Na2 37. b5+ Kb6 38. Be2 f6 39. Kc2 Nb4+ 40. Kb3 Ka5 41. g4 g6 42. g3 f5 43. gxf5 gxf5 44. f4 h5 45. Bf1 1-0

[Event "FRA-ch Accession"]
[Site "Besancon"]
[Date "2006.08.16"]
[Round "2"]
[White "Peyrin, Jean"]
[Black "Vernadet, Bernard"]
[Result "1-0"]
[WhiteElo "2004"]
[BlackElo "1869"]
[PlyCount "75"]
[EventDate "2006.08.15"]
[EventType "swiss"]
[EventRounds "10"]
[EventCountry "FRA"]
[SourceTitle "CBM 113 Extra"]
[Source "ChessBase"]
[SourceDate "2006.09.14"]
[SourceVersion "1"]
[SourceVersionDate "2006.09.14"]
[SourceQuality "1"]

1. d4 Nf6 2. c4 c6 3. Nc3 d5 4. Nf3 Nbd7 5. cxd5 cxd5 6. Bf4 e6 7. e3 a6 8. Bd3 Be7 9. h3 0-0 10. 0-0 Nh5 11. Bh2 f5 12. Rc1 b5 13. Ne2 Nhf6 14. Rc6 Nb8 15. Bc7 Qd7 16. Ne5 Qe8 17. Rc2 Nbd7 18. Nc6 Rf7 19. Nf4 Nf8 20. Ne5 g5 21. Nh5 Ng6 22. Nxf7 Qxf7 23. Nxf6+ Qxf6 24. Qe2 e5 25. dxe5 Nxe5 26. Rfc1 g4 27. Bxe5 Qxe5 28. Rxc8+ Rxc8 29. Rxc8+ Kf7 30. hxg4 f4 31. exf4 Qd4 32. Rc7 Qb4 33. Rxe7+ Qxe7 34. Qxe7+ Kxe7 35. Bxh7 d4 36. Kf1 Kd6 37. Ke2 a5 38. g5 1-0

[Event "FRA-ch Seniors"]
[Site "Chartres"]
[Date "2005.08.23"]
[Round "7"]
[White "Peyrin, Jean"]
[Black "Goldenberg, Richard"]
[Result "0-1"]
[WhiteElo "2059"]
[BlackElo "2305"]
[PlyCount "118"]
[EventDate "2005.08.15"]
[EventType "swiss"]
[EventRounds "10"]
[EventCountry "FRA"]
[SourceTitle "EXT 2006"]
[Source "ChessBase"]
[SourceDate "2005.11.24"]
[SourceVersion "1"]
[SourceVersionDate "2005.11.24"]
[SourceQuality "1"]

1. d4 g6 2. c4 Bg7 3. Nc3 c5 4. d5 f5 5. g3 Bxc3+ 6. bxc3 Qa5 7. Bd2 Nf6 8. Bg2 d6 9. Nh3 Nbd7 10. Nf4 Nb6 11. Qb3 Qa4 12. Ne6 Bxe6 13. dxe6 Ne4 14. Bh6 Qxc4 15. Qxc4 Nxc4 16. h4 0-0-0 17. g4 d5 18. gxf5 gxf5 19. Bh3 Ncd6 20. Rc1 c4 21. f3 Nc5 22. Kf2 Nxe6 23. Rhd1 Nc7 24. Bf4 e6 25. Rg1 Rd7 26. Rg2 b5 27. Rcg1 Kb7 28. Rg7 Nf7 29. Be3 Ne8 30. R7g2 Ned6 31. Rd1 a5 32. a3 Kc6 33. Bd2 Ne5 34. h5 Rf7 35. Rdg1 Ne8 36. Rg8 Rxg8 37. Rxg8 Nf6 38. Ra8 a4 39. h6 Kb7 40. Rd8 Kc7 41. Ra8 Nc6 42. Be3 Ng4+ 43. Bxg4 fxg4 44. Rg8 gxf3 45. Rg7 Rxg7 46. hxg7 Ne7 47. Bf4+ Kd7 48. Kxf3 Ke8 49. Bd6 Ng8 50. Kf4 Kf7 51. Be5 Ne7 52. Bd6 Ng6+ 53. Kg5 Kxg7 54. Bc7 h6+ 55. Kh5 e5 56. e3 Kf6 57. Kxh6 Kf5 58. Kh5 Ne7 59. Kh4 Ke4 0-1

[Event "FRA-chT2S"]
[Site "France"]
[Date "2003.02.02"]
[Round "7.7"]
[White "Peyrin, Jean"]
[Black "Estevez, Dorothee"]
[Result "1-0"]
[WhiteElo "2062"]
[BlackElo "1880"]
[PlyCount "107"]
[EventDate "2002.10.??"]
[EventType "team"]
[EventRounds "11"]
[EventCountry "FRA"]
[SourceTitle "EXT 2004"]
[Source "ChessBase"]
[SourceDate "2003.11.25"]
[SourceVersion "1"]
[SourceVersionDate "2003.11.25"]
[SourceQuality "1"]

1. d4 Nf6 2. c4 e6 3. Nf3 d5 4. Nc3 Be7 5. cxd5 exd5 6. Bg5 0-0 7. Qc2 c6 8. e3 Ne4 9. Bxe7 Qxe7 10. Bd3 Re8 11. 0-0 Nd7 12. Rab1 Nf8 13. b4 Ng6 14. b5 Bd7 15. bxc6 Bxc6 16. Rfc1 Qe6 17. Qb3 f5 18. Bb5 Re7 19. Bxc6 bxc6 20. g3 h6 21. Rc2 Rc8 22. Re1 Nd6 23. Nd2 Nf8 24. Na4 Rec7 25. Nc5 Qe8 26. Qd3 Ne4 27. Ndxe4 fxe4 28. Qa6 Nd7 29. Nxd7 Qxd7 30. Rc5 Kf7 31. Qa4 Kg8 32. Qc2 Kh8 33. a4 Kg8 34. a5 Kf7 35. a6 Ke7 36. Rb1 Qd6 37. Rb3 Kd7 38. Qb1 Qf6 39. Qd1 Qf3 40. Qxf3 exf3 41. g4 Kd6 42. h3 Rf8 43. Kh2 g6 44. Kg3 Re7 45. Rc1 Rc7 46. Rcb1 c5 47. dxc5+ Rxc5 48. Rb7 g5 49. Rxa7 Rc6 50. Rbb7 Kc5 51. Rc7 Rxc7 52. Rxc7+ Kb6 53. Rd7 Kxa6 54. Rxd5 1-0

[Event "FRA-chT2S"]
[Site "France"]
[Date "2002.12.08"]
[Round "4.7"]
[White "Pieroni, Guillaume"]
[Black "Peyrin, Jean"]
[Result "1/2-1/2"]
[WhiteElo "2030"]
[BlackElo "2024"]
[PlyCount "81"]
[EventDate "2002.10.??"]
[EventType "team"]
[EventRounds "11"]
[EventCountry "FRA"]
[SourceTitle "EXT 2004"]
[Source "ChessBase"]
[SourceDate "2003.11.25"]
[SourceVersion "1"]
[SourceVersionDate "2003.11.25"]
[SourceQuality "1"]

1. e4 c5 2. Nf3 e6 3. c3 Nf6 4. e5 Nd5 5. d4 cxd4 6. cxd4 b6 7. Nc3 Nxc3 8. bxc3 Qc7 9. Qd2 d5 10. a4 Nc6 11. Ba3 Bxa3 12. Rxa3 Na5 13. Qg5 0-0 14. Nd2 f6 15. exf6 Rxf6 16. Bd3 Nc4 17. Nxc4 dxc4 18. Bb1 Bb7 19. f3 Qf4 20. Qxf4 Rxf4 21. Kf2 g5 22. Re1 Bd5 23. Ra2 Raf8 24. h3 Kg7 25. Re5 h6 26. Rae2 a6 27. Be4 Bxe4 28. R5xe4 Rxe4 29. Rxe4 Kf6 30. Ke3 Rd8 31. Re5 Rb8 32. Ke4 b5 33. axb5 axb5 34. Rc5 b4 35. cxb4 Rxb4 36. g4 Ra4 37. Rc6 Kf7 38. Ke5 Ra5+ 39. Ke4 Ra4 40. Rc7+ Kf6 41. Rc6 1/2-1/2

[Event "FRA-chT2S"]
[Site "France"]
[Date "2002.11.17"]
[Round "3.8"]
[White "Peyrin, Jean"]
[Black "Rodriguez, Angel"]
[Result "0-1"]
[WhiteElo "2030"]
[BlackElo "2060"]
[PlyCount "122"]
[EventDate "2002.10.??"]
[EventType "team"]
[EventRounds "11"]
[EventCountry "FRA"]
[SourceTitle "EXT 2004"]
[Source "ChessBase"]
[SourceDate "2003.11.25"]
[SourceVersion "1"]
[SourceVersionDate "2003.11.25"]
[SourceQuality "1"]

1. d4 f5 2. g3 Nf6 3. Bg2 g6 4. c4 Bg7 5. Nc3 0-0 6. Nf3 d6 7. d5 c6 8. 0-0 e5 9. dxe6 Bxe6 10. Qd3 Kh8 11. Rd1 Nbd7 12. Bf4 Nb6 13. b3 Ne4 14. Nxe4 fxe4 15. Qxe4 Bf5 16. Qe3 Bxa1 17. Rxa1 Qf6 18. Rd1 Rae8 19. Qd2 d5 20. Bg5 Qf7 21. Bh6 dxc4 22. bxc4 Qf6 23. Qb4 Rf7 24. Bg5 Qg7 25. Bc1 Rd7 26. Re1 Qf8 27. Bb2+ Kg8 28. Qc3 Rg7 29. Qc1 h5 30. Nh4 Rh7 31. c5 Nd5 32. Bxd5+ cxd5 33. Bd4 Qh6 34. e3 Be4 35. f3 g5 36. fxe4 gxh4 37. exd5 hxg3 38. h3 Rf7 39. Qc4 Qg6 40. d6 Qf5 41. Rf1 Qxf1+ 42. Qxf1 Rxf1+ 43. Kxf1 Kf7 44. h4 Ke6 45. Kg2 Rg8 46. a3 Rg4 47. c6 bxc6 48. Bxa7 Rxh4 49. Kxg3 Rg4+ 50. Kf3 Kxd6 51. e4 c5 52. Bb8+ Kc6 53. Bf4 c4 54. Bd2 Rh4 55. Bb4 Rh3+ 56. Ke2 Rd3 57. Be7 Kd7 58. Bc5 h4 59. a4 h3 60. Kf1 Kc6 61. Bg1 c3 0-1